El hilito /

Guardado en:
Autor Principal: Balestra, Florencia
Formato: Libro
Publicado: Buenos Aires : La Marca Editora, 2014
Series:La Marca Terrible
Materias:
Etiquetas: Agregar Etiqueta
Sin Etiquetas, Sea el primero en etiquetar este registro!
LEADER 00724nam a22002535a 4500
001 CEM.cems015257
005 20191115154642.0
008 130507s2014##################000#0#####d
003 CEMS
020 |a 9789508892553 
082 0 4 |a A868.4 
100 1 |a Balestra, Florencia 
245 1 0 |a El hilito /  |c Florencia Balestra 
260 |a Buenos Aires :  |b La Marca Editora,  |c 2014 
300 |a 64 p. 
490 0 |a La Marca Terrible 
653 |a Literatura 
653 |a Literatura argentina 
653 |a Literatura infantil 
653 |a Cuentos infantiles 
653 |a Colección ciencias de la educación 
653 |a Libro Álbum 
653 |a Arte 
859 |a CEMS  |b BIB. CEMS - Ccias. Educacion  |h A868.4  |i B195  |k CE  |p 28483.19  |t Ej.1